Hindi Muhawara Kosh (Record no. 1116717)

MARC details
000 -LEADER
fixed length control field 00602nam a2200229Ia 4500
003 - CONTROL NUMBER IDENTIFIER
control field OSt
005 - DATE AND TIME OF LATEST TRANSACTION
control field 20221006164258.0
008 - FIXED-LENGTH DATA ELEMENTS--GENERAL INFORMATION
fixed length control field 221006b |||||||| |||| 00| 0 hin d
037 ## - SOURCE OF ACQUISITION
Terms of availability Textual
040 ## - CATALOGING SOURCE
Original cataloging agency FML
Transcribing agency FML
Language of cataloging hin
041 ## - LANGUAGE CODE
Source of code hin
Language code of text/sound track or separate title hin
100 ## - MAIN ENTRY--PERSONAL NAME
Personal name Tiwari Bhola Nath Ed.
245 #0 - TITLE STATEMENT
Title Hindi Muhawara Kosh
260 ## - PUBLICATION, DISTRIBUTION, ETC.
Place of publication, distribution, etc. llahabad
Name of publisher, distributor, etc. Kitab Mahal India
Date of publication, distribution, etc. 1964
300 ## - PHYSICAL DESCRIPTION
Extent 548
Dimensions cm.
942 ## - ADDED ENTRY ELEMENTS (KOHA)
Classification part P152, 6i4k, X4
Koha item type Textual
Source of classification or shelving scheme Colon Classification (CC)
Holdings
Withdrawn status Lost status Source of classification or shelving scheme Damaged status Not for loan Home library Current library Date acquired Total Checkouts Full call number Barcode Date last seen Price effective from Koha item type
    Colon Classification (CC)     Department of Music Library Department of Music Library 2022-10-06   P152 6i4k X4 MU0002934 2022-10-06 2022-10-06 Textual
Copyright @ Delhi University Library System